Album histórico del Estatuto de Cataluña
Descripción Física:
308 p. ; 25 cm
Materias:
Catalunya. -- Estatut (1932)
MARC
| LEADER | 00000nam a2200000Ia 4500 | ||
|---|---|---|---|
| 001 | 9850 | ||
| 008 | 160829s9999 xx 000 0 cat d | ||
| 080 | |a H-2-73 | ||
| 100 | |a Catalunya. Estatut (1932) | ||
| 245 | |a Album histórico del Estatuto de Cataluña | ||
| 260 | |a Madrid ; Barcelona : |b Cairo Ediciones, [1932] | ||
| 300 | |a 308 p. ; |c 25 cm | ||
| 610 | 1 | 0 | |a Catalunya. |t Estatut (1932) |9 54030 |
| 901 | |a Arxiu | ||
| 942 | |n 1 | ||
| 952 | |0 0 |1 0 |4 0 |6 H273 |7 1 |9 42589 |a Arxiu |b Arxiu |d 2016-12-01 |l 0 |o H-2-73 |p 9850 |r 2016-12-01 00:00:00 |w 2016-12-01 |y ARXIU | ||
| 999 | |c 45094 |d 45094 | ||